01112nam a2200157 a 4500008004100000020001500041041000800056100002100064245004100085250004600126260003600172300001100208500008100219505063900300655001500939180514e2006 sp |||gr|||| 000 1 spa d a8466629807 aspa1 aKatzenbach, John aRetrato en sangre /cJohn Katzenbach a1a ed.bTraducción Cristina Martin Sanz aBarcelona:bEdiciones B;c2006. a565 p. aKatzenbach, J. (2006). Retrato en sangre. (1a ed.). Barcelona : Ediciones B. aNo era un viaje normal por carretera... Miami, Nueva Orleans, Kansas City, Omaha, Chicago, Cleveland. Un hombre, una mujer, un coche y una cámara fotográfica. Él secuestra, mata y después fotografía a sus víctimas. Ella escribe sobre lo ocurrido y se asegura de que ha plasmado correctamente la historia, porque sabe que él lo revisa todo. La detective Mercedes Barren tiene motivos para perseguirlo: su sobrina fue una víctima. Y también el psiquiatra Martín Jeffers, especialista en delincuentes sexuales. Una odisea. Una expedición. Una pesadilla que se adentra en el día siguiente...con Retrato en sangre.  aLiteratura